[Event "AUTO-OPEN-387"]
[Site "http://www.queenalice.com/game.php?id=105852"]
[Date "2006.9.14"]
[Round "1"]
[White "tatanka7"]
[Black "CampbellMarcel"]
[Result "1-0"]
[WhiteElo "1517"]
[BlackElo "1676"]

1. e4 d5 2. e5 e6 3. d4 Ne7 4. Nc3 Nbc6 5. a3 g6 6. Nf3 Bg7 7. Bb5 a6 8. Bxc6+
Nxc6 9. O-O O-O 10. Qd2 b5 11. Qf4 Ne7 12. Qh4 Nf5 13. Qh3 f6 14. exf6 Rxf6 15.
Bg5 Bb7 16. Bxf6 Qxf6 17. Ne2 Rf8 18. b4 e5 19. dxe5 Qc6 20. Ned4 Nxd4 21. Nxd4
Qc4 22. Ne6 Rf5 23. Nc5 Bc8 24. c3 Bxe5 25. Rae1 Rf8 26. Nd7 Bxd7 27. Qxd7 Qf4
28. Qxd5+ Rf7 29. Rxe5 Kg7 30. Re4 Qf6 31. g3 c6 32. Qb3 Qf3 33. Qe6 h5 34. Qxc6
g5 35. Qd5 Kg6 36. Re6+ Rf6 37. Qxf3 1-0

[Event "AUTO-OPEN-387"]
[Site "http://www.queenalice.com/game.php?id=105853"]
[Date "2006.9.14"]
[Round "1"]
[White "CampbellMarcel"]
[Black "tatanka7"]
[Result "0-1"]
[WhiteElo "1628"]
[BlackElo "1540"]

1. d4 d5 2. Nc3 e6 3. Nf3 Nc6 4. e4 dxe4 5. Nxe4 f5 6. Ng3 Qd5 7. Be2 f4 8. Bxf4
Bb4+ 9. c3 Ba5 10. b4 Nxb4 11. Qa4+ Bd7 12. Qb3 Qxb3 13. axb3 Nc2+ 14. Kd2 Nxa1
15. Rxa1 Bb6 16. Ne5 Nf6 17. f3 Nd5 18. Bg5 Rf8 19. Nh5 Rg8 20. Nxd7 Kxd7 21.
Bb5+ c6 22. Bd3 h6 23. Bh4 Raf8 24. Re1 g5 25. Bf2 g4 26. c4 Ba5+ 27. Ke2 Bxe1
28. Kxe1 Rg5 29. cxd5 Rxh5 30. fxg4 Rxd5 31. Bc4 Rg5 32. h3 Rf4 33. Be3 Re4 34.
Kf2 Rxe3 35. Kxe3 b5 36. Be2 a5 37. h4 Rg7 38. Kd3 Kd6 39. Ke4 c5 40. dxc5+ Kxc5
41. Ke5 Re7 42. Kf6 Kd6 43. Bxb5 e5 44. Kf5 e4 45. Kf4 e3 46. g5 e2 47. Bxe2
hxg5+ 48. Kxg5 Rxe2 49. g4 Re3 50. h5 Rxb3 51. h6 Rh3 52. Kg6 a4 53. h7 a3 54.
Kg7 a2 55. h8=N a1=Q+ 0-1

[Event "AUTO-OPEN-387"]
[Site "http://www.queenalice.com/game.php?id=105854"]
[Date "2006.9.14"]
[Round "1"]
[White "tatanka7"]
[Black "diegmr"]
[Result "0-1"]
[WhiteElo "1547"]
[BlackElo "1810"]

1. e4 e5 2. Bc4 Nc6 3. c3 Bc5 4. Qf3 Nf6 5. Ne2 d6 6. O-O Bg4 7. Qg3 O-O 8. h3
Bh5 9. d4 Bxe2 10. Bxe2 exd4 11. Bh6 Nh5 0-1

[Event "AUTO-OPEN-387"]
[Site "http://www.queenalice.com/game.php?id=105855"]
[Date "2006.9.14"]
[Round "1"]
[White "diegmr"]
[Black "tatanka7"]
[Result "1-0"]
[WhiteElo "1804"]
[BlackElo "1553"]

1. d4 d5 2. c4 dxc4 3. e4 b5 4. Nc3 Qd7 5. Nf3 Bb7 6. d5 e6 7. Ne5 Qd6 8. Qf3
Qxe5 9. Bf4 Qd4 10. Bxc7 Nd7 11. Nxb5 1-0

[Event "AUTO-INT-170"]
[Site "http://www.queenalice.com/game.php?id=105917"]
[Date "2006.9.14"]
[Round "1"]
[White "tatanka7"]
[Black "otax"]
[Result "0-1"]
[WhiteElo "1575"]
[BlackElo "1620"]

1. e4 e6 2. d4 d5 3. Nf3 c5 4. e5 Nc6 5. c3 Qb6 6. Nbd2 cxd4 7. c4 Bc5 8. cxd5
exd5 9. Nb3 Be6 10. a3 d3 11. Nxc5 Qxc5 12. Qxd3 Nge7 13. b4 Qb6 14. b5 Nd8 15.
Be3 Qc7 16. Rc1 Qd7 17. Nd4 O-O 18. Bf4 Ng6 19. Bg3 Re8 20. Be2 b6 21. O-O Nb7
22. Nc6 Nc5 23. Qe3 a6 24. Rb1 a5 25. Qd4 Qc8 26. f4 Ne7 27. Nxe7+ Rxe7 28. f5
Bxf5 29. Rb2 Qe6 30. Bf3 Be4 31. Bh4 Ree8 32. Be2 Qxe5 33. Qxe5 Rxe5 34. Bg3
Ree8 35. Bf3 f5 36. Bxe4 fxe4 37. Rf5 d4 38. Bc7 Re6 39. Rd5 d3 40. Bxb6 Na4 41.
Rd2 Nxb6 42. Rd4 Ra7 43. Rd8+ Kf7 44. g4 Rd7 45. Rb8 e3 0-1

[Event "AUTO-INT-170"]
[Site "http://www.queenalice.com/game.php?id=105918"]
[Date "2006.9.14"]
[Round "1"]
[White "otax"]
[Black "tatanka7"]
[Result "0-1"]
[WhiteElo "1685"]
[BlackElo "1554"]

1. d4 Nf6 2. c4 d5 3. Nc3 dxc4 4. Nf3 e6 5. a3 a6 6. Qa4+ Bd7 7. Qxc4 b5 8. Qd3
Bd6 9. e4 Ng4 10. h3 Nh6 11. Be2 O-O 12. Be3 c6 13. Bxh6 gxh6 14. Nd2 Bf4 15.
Nf3 Qa5 16. g3 Bg5 17. h4 Bf6 18. Nh2 e5 19. Ng4 Bxg4 20. Bxg4 exd4 21. b4 Qd8
22. Ne2 Re8 23. Qf3 d3 24. Rd1 Qc7 25. Rxd3 Qe5 26. Bf5 Qa1+ 27. Rd1 Qe5 28. O-O
a5 29. Qh5 Bg7 30. Nf4 Na6 31. Rc1 axb4 32. axb4 Nxb4 33. Rb1 Nc2 34. Bd7 Re7
35. Bxc6 Ra6 36. Bd5 b4 37. Qd1 Rc7 38. Nd3 Qc3 39. Ne1 Nd4 40. Nd3 Rb6 41. Rc1
Nc2 42. Re1 b3 43. Rb1 Nxe1 44. Nxe1 b2 45. Nd3 Qa3 46. Kg2 Rc3 0-1

[Event "AUTO-INT-170"]
[Site "http://www.queenalice.com/game.php?id=105919"]
[Date "2006.9.14"]
[Round "1"]
[White "tatanka7"]
[Black "Guillaume"]
[Result "1-0"]
[WhiteElo "1554"]
[BlackElo "1458"]

1. e4 e5 2. Bc4 f6 3. Nf3 Nc6 4. O-O Nd4 5. Nxd4 exd4 6. c3 dxc3 7. Nxc3 Bb4 8.
a3 Bxc3 9. dxc3 a5 10. Qa4 b6 11. Be6 Qe7 12. Bd5 Rb8 13. Bf4 f5 14. Rae1 g5 15.
exf5 gxf4 16. Rxe7+ Nxe7 17. Re1 c6 18. Qe4 Kd8 19. Qxe7+ Kc7 20. Qe5+ Kb7 21.
Qxh8 h5 22. Bf3 h4 23. Qxh4 b5 24. Qxf4 a4 25. c4 bxc4 26. Qxc4 Kc7 27. Re7 Rxb2
28. Qxc6+ Kd8 29. Re8+ Kxe8 30. Qxc8+ Ke7 31. h4 Kf6 32. Qxd7 Ke5 33. Qe6+ Kf4
34. Qe4# 1-0

[Event "AUTO-INT-170"]
[Site "http://www.queenalice.com/game.php?id=105920"]
[Date "2006.9.14"]
[Round "1"]
[White "Guillaume"]
[Black "tatanka7"]
[Result "0-1"]
[WhiteElo "1466"]
[BlackElo "1542"]

1. e4 d5 2. exd5 Qxd5 3. c4 Qe6+ 4. Ne2 Qxc4 5. Nec3 Qd4 6. Bb5+ c6 7. Bc4 b5 8.
Be2 e6 9. O-O Bd6 10. g3 e5 11. Bf3 Nf6 12. d3 O-O 13. Be3 Qb4 14. b3 Be6 15. a3
Qa5 16. a4 b4 17. Ne4 Nxe4 18. Bxe4 Bh3 19. Bg2 Bxg2 20. Kxg2 Nd7 21. Qg4 Nf6
22. Qf3 Rac8 23. Rc1 Qa6 24. Nd2 Qxd3 25. Nc4 e4 26. Qf5 c5 27. Nxd6 Qxd6 28.
Bxc5 Rxc5 29. Rxc5 g6 30. Rd1 Qxd1 31. Qxf6 Qd2 32. Re5 Rd8 33. Re7 Rf8 34. Rxa7
e3 35. Ra6 e2 36. Rd6 Qxd6 37. Qxd6 e1=Q 38. a5 Qe4+ 39. Kh3 Qf5+ 40. Kg2 Qe4+
41. f3 Qe2+ 42. Kh3 Qf1+ 43. Kg4 h5+ 44. Kg5 Qxf3 45. Qxb4 Kg7 46. a6 Qf5+ 47.
Kh4 g5+ 48. Kxh5 Rh8# 0-1

[Event "AUTO-INT-170"]
[Site "http://www.queenalice.com/game.php?id=105921"]
[Date "2006.9.14"]
[Round "1"]
[White "tatanka7"]
[Black "renato"]
[Result "0-1"]
[WhiteElo "1539"]
[BlackElo "1626"]

1. e4 e6 2. d4 Qh4 3. e5 Qe4+ 4. Be3 g6 5. Nc3 Bb4 6. Bd3 Qxg2 7. Be4 Bxc3+ 8.
bxc3 Qxe4 9. Qf3 Qxc2 10. Bd2 Qf5 11. Qxf5 exf5 12. Bg5 b6 13. Ne2 Bb7 14. O-O
h6 15. Bf6 Nxf6 16. exf6 O-O 17. Rad1 Bf3 18. Rd2 Bxe2 19. Rxe2 d6 20. Re7 Na6
21. Rfe1 h5 22. h4 c5 23. d5 b5 24. f4 c4 25. Kf2 Nc5 26. Rb1 Ne4+ 27. Kf3 Nxc3
28. Rb4 Nxd5 29. Rxb5 Nxe7 30. fxe7 Rfe8 31. Rb7 c3 32. Ke2 c2 33. Kd2 Rac8 34.
Kc1 a5 35. Rd7 a4 36. Rxd6 Rxe7 37. Ra6 Re1+ 0-1

[Event "AUTO-INT-170"]
[Site "http://www.queenalice.com/game.php?id=105922"]
[Date "2006.9.14"]
[Round "1"]
[White "renato"]
[Black "tatanka7"]
[Result "1-0"]
[WhiteElo "1522"]
[BlackElo "1510"]

1. e3 e5 2. Nf3 e4 3. Nd4 c5 4. Nf5 d5 5. Bb5+ Bd7 6. Bxd7+ Qxd7 7. Ng3 h6 8.
Qh5 Nf6 9. Qe5+ Be7 10. Nf5 Nc6 11. Qf4 O-O 12. g4 Nxg4 13. Qxg4 Bf6 14. Nxh6+
Kh7 15. Qxd7 gxh6 16. Qf5+ Kg7 17. Rg1+ Kh8 18. Qxf6+ 1-0

[Event "A vingan;a"]
[Site "http://www.queenalice.com/game.php?id=112669"]
[Date "2006.10.3"]
[Round "-"]
[White "tatanka7"]
[Black "Alexmonteiro"]
[Result "0-1"]
[WhiteElo "1561"]
[BlackElo "1798"]

1. e4 e6 2. Nf3 d5 3. e5 c5 4. Bb5+ Bd7 5. c4 Nc6 6. O-O Qc7 7. Nc3 Nxe5 8. cxd5
Bxb5 9. Nxb5 Nxf3+ 10. Qxf3 Qd7 11. Qf4 Qxb5 12. a4 Qd7 13. dxe6 fxe6 14. Rd1
Bd6 15. Qf3 Nf6 16. d4 cxd4 17. Rxd4 Bxh2+ 18. Kxh2 Qxd4 19. Ra3 O-O 20. Qe2
Rae8 21. Qf3 Ng4+ 22. Qxg4 Qxg4 23. f3 Qh4+ 24. Kg1 Qe1+ 0-1

[Event "Challenge"]
[Site "http://www.queenalice.com/game.php?id=114600"]
[Date "2006.10.8"]
[Round "-"]
[White "Redtom"]
[Black "tatanka7"]
[Result "1-0"]
[WhiteElo "1919"]
[BlackElo "1564"]

1. e4 Nc6 2. d4 d5 3. e5 e6 4. f4 Nge7 5. Nf3 h6 6. g4 f5 7. exf6 gxf6 8. Bd3
Rg8 9. Rg1 f5 10. g5 Ng6 11. Be3 a6 12. c3 Qd6 13. Ne5 Ncxe5 14. dxe5 Qc6 15.
Qh5 Bd7 16. gxh6 O-O-O 17. h7 Rh8 18. Qxg6 Be8 19. Qg2 Rxh7 20. Nd2 Rg7 21. Qh1
Bh5 22. Rg5 Bg4 23. Rxg7 Bxg7 24. h3 Bh5 25. Qg2 Rd7 26. Qg5 Be8 27. O-O-O Bh8
28. Qg8 d4 29. Qxe8+ Rd8 30. Qxc6 bxc6 31. Bxa6+ Kb8 32. Bxd4 Rd5 33. Bc4 Ra5
34. Bxe6 c5 35. Bf2 Rxa2 36. Bxc5 Ra4 37. Bb4 Ra1+ 38. Kc2 Ra6 39. Bc4 Rh6 40.
Nf3 Rxh3 41. Nd4 Rh2+ 42. Kb3 Rf2 43. Rf1 Rxf1 44. Bxf1 Kb7 45. Nxf5 Kb6 46. Bg2
c5 47. Ba3 Kb5 48. e6 c4+ 49. Kc2 Bf6 50. e7 Bxe7 51. Nxe7 Kb6 52. f5 Kc7 53. f6
1-0

[Event "Challenge"]
[Site "http://www.queenalice.com/game.php?id=119530"]
[Date "2006.10.21"]
[Round "-"]
[White "tatanka7"]
[Black "ENDHER"]
[Result "0-1"]
[WhiteElo "1566"]
[BlackElo "2196"]

1. g4 e5 2. Bg2 d5 3. e4 Nf6 4. d3 Bxg4 5. Qd2 Nc6 6. h3 Bh5 7. Nf3 dxe4 8. dxe4
Qxd2+ 9. Bxd2 Bc5 10. Nc3 O-O-O 11. Ng5 Bxf2+ 12. Kxf2 Rxd2+ 13. Kg3 Rxc2 14.
Rab1 Rd8 15. Bf1 Nd4 16. Bd3 Nf5+ 17. exf5 Rxd3+ 18. Kh4 h6 19. Nge4 Nxe4 20.
Nxe4 Bf3 21. Rhe1 Rh2 22. Nc5 Rg2 23. Nxd3 g5+ 24. fxg6 fxg6 25. Rxe5 g5+ 26.
Rxg5 hxg5# 0-1

[Event "Challenge"]
[Site "http://www.queenalice.com/game.php?id=133051"]
[Date "2006.11.24"]
[Round "-"]
[White "luizpessoa"]
[Black "tatanka7"]
[Result "1-0"]
[WhiteElo "1615"]
[BlackElo "1555"]

1. e4 e5 2. Nf3 d6 3. Bc4 h6 4. d3 Bg4 5. h3 Bxf3 6. Qxf3 Nf6 7. a3 Nc6 8. Be3
Be7 9. Nc3 O-O 10. Nd5 Nxd5 11. Bxd5 1-0

[Event "Challenge"]
[Site "http://www.queenalice.com/game.php?id=309181"]
[Date "2007.11.24"]
[Round "-"]
[White "shady66"]
[Black "tatanka7"]
[Result "1-0"]
[WhiteElo "1483"]
[BlackElo "1510"]

1. Nc3 d5 2. d4 a6 3. g3 Nf6 4. Bg2 e6 5. a3 Nc6 6. Nh3 Ng4 7. O-O Bd6 8. Bg5 f6
9. Bf4 e5 10. dxe5 fxe5 11. Bg5 e4 12. Bxd8 Nxd8 13. Nxd5 Rf8 14. Bxe4 Ne6 15.
Bxh7 c6 16. Nb6 Rb8 17. Qxd6 Rf6 18. Qxb8 Ke7 19. Qxc8 Nf8 20. Qxb7+ Ke6 21.
Rad1 Ke5 22. Nc4+ Ke6 23. f4 Nh6 24. Ng5# 1-0

[Event "Challenge"]
[Site "http://www.queenalice.com/game.php?id=349968"]
[Date "2008.2.7"]
[Round "-"]
[White "CesarLMarques"]
[Black "tatanka7"]
[Result "1-0"]
[WhiteElo "2307"]
[BlackElo "1491"]

1. e4 e5 2. Nf3 d6 3. Nc3 a6 4. d4 exd4 5. Nxd4 Nf6 6. Bd3 Bd7 7. O-O c5 8. Nf5
Nc6 9. Ne3 Ne5 10. Ned5 Nxd5 11. Nxd5 c4 12. Be2 Rc8 13. f4 Ng6 14. Be3 Bb5 15.
Bb6 1-0

[Event "Challenge"]
[Site "http://www.queenalice.com/game.php?id=349969"]
[Date "2008.2.7"]
[Round "-"]
[White "tatanka7"]
[Black "CesarLMarques"]
[Result "0-1"]
[WhiteElo "1493"]
[BlackElo "2306"]

1. e4 e5 2. Bc4 Nf6 3. Nc3 Nc6 4. Nf3 Nxe4 5. Nxe4 d5 6. Bxd5 Qxd5 7. Nc3 Qa5 8.
a3 Nd4 9. O-O Bg4 10. b4 Bxb4 11. Bb2 Be7 12. Nd5 Qxd5 13. h3 Nxf3+ 14. gxf3
Bxf3 15. Qe1 e4 0-1